'A Wrinkle in Time' series characters Quiz Stats

 Plays Quiz not verified by Sporcle

Score 0/40 Timer 15:00
0 Plays Today
Type of character Character % Correct
HumanMeg Murry O'Keefe
95.6%
HumanCalvin O'Keefe
89.2%
HumanCharles Wallace Murry
88.2%
SupernaturalMrs. Who
84.5%
SupernaturalMrs. Whatsit
80.8%
HumanSandy Murry
76.1%
SupernaturalMrs. Which
75.4%
Alive- somewhat of a parasiteIT
73.1%
HumanAlex Murry
70.4%
HumanDennys Murry
69.4%
HumanKate Murry
69%
Fictional type of living creatureAunt Beast
45.5%
SupernaturalThe Happy Medium
43.4%
HumanMr. Jenkins (local principal)
42.4%
HumanBranwen O'Keefe
40.7%
Human (Biblical times)Noah and Matred
40.7%
Living creatureFortinbras(the Murrys' dog)
40.1%
SupernaturalProginoskes (the cherubim)
39.1%
Human?The Man with the Red Eyes
35%
Fictional type of living creatureGaudior (a unicorn)
33.7%
Type of character Character % Correct
Supernatural beingsAdnarel, Alarid, Admael, Aariel (some of the seraphim)
27.3%
Living creatureLouise the Larger (the twins' snake)
25.6%
Human (Biblical times)Japheth and Oholibamah
25.3%
An evil forceEchthroi
24.6%
Fictional type of living creatureSporos (farandola)
22.6%
Human (One generation before the book's events)Chuck Maddox (Mrs. O'Keefe's brother)
21.5%
Human (Prior to Columbus' voyage)Madoc Gwynedd
20.9%
Fictional type of living creatureSenex (a fara)
20.5%
Human (Puritan times)Brandon Llawcae
18.5%
Human (Around the time of the American Civil War)Matthew Maddox
18.2%
Human (Biblical times)Yalith
18.2%
A 'Teacher'Blajeny
17.2%
HumanDr. Louise Colubra
16.8%
HumanMadog Branzillo (Mad Dog Branzillo, El Zarco)
15.8%
Living creatureAnanda (the Murrys' dog)
15.5%
Fictional type of living creatureHiggaion, Selah (mammoths)
15.5%
Human (Biblical times)Lamech
13.1%
Human (Biblical times)Tiglah
11.8%
Human (Over one thousand years in the past)Harcels
11.4%
Supernatural beingsRofocale, Eblis, Ugiel (some of the nephilim)
8.4%

You're not logged in!

Compare scores with friends on all Sporcle quizzes.
OR
Log In

Show Comments

Extras

Top Quizzes Today


Score Distribution

Your Account Isn't Verified!

In order to create a playlist on Sporcle, you need to verify the email address you used during registration. Go to your Sporcle Settings to finish the process.

Report this User

Report this user for behavior that violates our Community Guidelines.

Details: